| 000 | 00682nam a2200205Ia 4500 | ||
|---|---|---|---|
| 003 | GCL | ||
| 008 | 140319s9999 xx 000 0 ara d | ||
| 040 |
_aGCL / _cGCL |
||
| 082 | 0 | 4 |
_a415.5 _bا ك |
| 100 | 1 | _aابن سيده : ابوالحسن على بن اسماعيل الاندلسى | |
| 245 | 1 | 0 |
_aكتاب المخصص / _cابن سيده : ابوالحسن على بن اسماعيل الاندلسى |
| 260 |
_a[S.N] : _bالمطبعة البولسية ، _c1316 |
||
| 490 | _a | ||
| 650 | 0 | 4 | _aالنحو |
| 650 | 0 | 4 | _aاللغات |
| 650 | 0 | 4 | _aاللغة العربية |
| 650 | 0 | 4 | _aالصرف |
| 650 | 0 | 4 | _aفقه اللغة المقارن |
| 942 |
_2ddc _cBK |
||
| 999 |
_c58831 _d58831 |
||